000 00271nam a2200133 i 4500
001 bg
245 0 _aElektronizacja.Z.5.
260 _aWarszawa,
_c1979.
040 _cBPK
041 _apol
080 _a621.3
942 _cKS
008 s pl f |000 0 pol
999 _c9935
_d9935
856 _uhttp://koha.tu.koszalin.pl/cgi-bin/koha/opac-detail.pl?biblionumber=9935
_yKatalog online BPK